Vedecké práce Vyskumného ústavu pôdoznalectva a výživy rastlín v Bratislave 13

Gespeichert in:
Bibliographische Detailangaben
Format: Buch
Sprache:Slowakisch
Veröffentlicht: Bratislava Príroda 1985
Ausgabe:1. vyd.
Schriftenreihe:Rastlinná výroba
Tags: Tag hinzufügen
Keine Tags, Fügen Sie das erste Tag hinzu!

MARC

LEADER 00000nam a2200000 4500
001 c033183
005 20250702080259.4
041 0 |a slo 
044 |a SK 
245 1 0 |a Vedecké práce Vyskumného ústavu pôdoznalectva a výživy rastlín v Bratislave 13  |c Zoltán Bedrna a kol. 
250 |a 1. vyd. 
264 1 |a Bratislava  |b Príroda  |c 1985 
300 |a 126 s. 
490 1 |a Rastlinná výroba 
830 0 |a Rastlinná výroba